| 000 | 00727nam a22002657a 4500 | ||
|---|---|---|---|
| 999 |
_c314506 _d314506 |
||
| 001 | 28146 | ||
| 003 | UA-OsUOA | ||
| 005 | 20200602234114.0 | ||
| 007 | ta | ||
| 008 | 20040927b un ||||| |||| 00| 0 ukr d | ||
| 020 | _a5-11-004154-7 | ||
| 040 |
_aUA-OsUOA _bukr _cUA-OsUOA _dUA-OsUOA |
||
| 041 | _aukr | ||
| 044 | _aUA | ||
| 080 | _a811.162.1(075) | ||
| 090 |
_a811.162.1(075) _bК59 |
||
| 100 | _aКозовик І. Я. | ||
| 245 |
_aЛатинська мова _bпідручник _cІ. Я. Козовик, Л. Д. Шипайло |
||
| 260 |
_aКиїв _bВища школа _c1993 |
||
| 300 |
_a248 с. _bІлюстрації |
||
| 650 | 7 | _2UDC | |
| 700 | _aШипайло Л. Д. | ||
| 942 |
_cBK _2udc |
||
| 955 | _a0 | ||